<?xml version="1.0" encoding="UTF-8"?>
<record
    xmlns:xsi="http://www.w3.org/2001/XMLSchema-instance"
    xsi:schemaLocation="http://www.loc.gov/MARC21/slim http://www.loc.gov/standards/marcxml/schema/MARC21slim.xsd"
    xmlns="http://www.loc.gov/MARC21/slim">

  <leader>00453nam a22001217a 4500</leader>
  <controlfield tag="005">20260629132158.0</controlfield>
  <datafield tag="100" ind1=" " ind2=" ">
    <subfield code="a">Arhama Ansari </subfield>
    <subfield code="a">21-MCSE-07</subfield>
    <subfield code="a">Supervisor - Prof.Dr. Intesab Hussain Sadhayo</subfield>
    <subfield code="9">1034</subfield>
  </datafield>
  <datafield tag="245" ind1=" " ind2=" ">
    <subfield code="a">Malaria Parasite Classification From Microscopic Blood Film Image Using Deep Learning Algorithms (Thesis MS)</subfield>
  </datafield>
  <datafield tag="260" ind1=" " ind2=" ">
    <subfield code="a">Nawabshah</subfield>
    <subfield code="b">QUEST</subfield>
    <subfield code="c">2025</subfield>
  </datafield>
  <datafield tag="300" ind1=" " ind2=" ">
    <subfield code="a">92p.</subfield>
  </datafield>
  <datafield tag="700" ind1=" " ind2=" ">
    <subfield code="a">Department of Computer Systems Engineering </subfield>
    <subfield code="9">952</subfield>
  </datafield>
  <datafield tag="942" ind1=" " ind2=" ">
    <subfield code="c">THESIS</subfield>
  </datafield>
  <datafield tag="999" ind1=" " ind2=" ">
    <subfield code="c">69091</subfield>
    <subfield code="d">69088</subfield>
  </datafield>
  <datafield tag="952" ind1=" " ind2=" ">
    <subfield code="0">0</subfield>
    <subfield code="1">0</subfield>
    <subfield code="4">0</subfield>
    <subfield code="7">0</subfield>
    <subfield code="a">RESEARCH</subfield>
    <subfield code="b">RESEARCH</subfield>
    <subfield code="d">2026-06-29</subfield>
    <subfield code="l">0</subfield>
    <subfield code="p">MP/103-1547</subfield>
    <subfield code="r">2026-06-29 13:22:24</subfield>
    <subfield code="w">2026-06-29</subfield>
    <subfield code="y">THESIS</subfield>
  </datafield>
  <datafield tag="952" ind1=" " ind2=" ">
    <subfield code="0">0</subfield>
    <subfield code="1">0</subfield>
    <subfield code="4">0</subfield>
    <subfield code="7">0</subfield>
    <subfield code="a">RESEARCH</subfield>
    <subfield code="b">RESEARCH</subfield>
    <subfield code="d">2026-06-29</subfield>
    <subfield code="l">0</subfield>
    <subfield code="p">MP/103-1548</subfield>
    <subfield code="r">2026-06-29 13:22:24</subfield>
    <subfield code="w">2026-06-29</subfield>
    <subfield code="y">THESIS</subfield>
  </datafield>
</record>
